<?xml version="1.0" encoding="UTF-8"?>
<record
    xmlns:xsi="http://www.w3.org/2001/XMLSchema-instance"
    xsi:schemaLocation="http://www.loc.gov/MARC21/slim http://www.loc.gov/standards/marcxml/schema/MARC21slim.xsd"
    xmlns="http://www.loc.gov/MARC21/slim">

  <leader>02081nam a2200325 i 4500</leader>
  <controlfield tag="003">DO-SdBNP</controlfield>
  <controlfield tag="005">20250530095817.0</controlfield>
  <controlfield tag="007">ta</controlfield>
  <controlfield tag="008">250425b2024    dr ||||| |||| 00| 0 spa d</controlfield>
  <datafield tag="020" ind1=" " ind2=" ">
    <subfield code="a">9789945510874</subfield>
  </datafield>
  <datafield tag="040" ind1=" " ind2=" ">
    <subfield code="a">DO-SdBNP</subfield>
    <subfield code="b">spa</subfield>
    <subfield code="c">BNPHU</subfield>
    <subfield code="e">rda</subfield>
  </datafield>
  <datafield tag="041" ind1=" " ind2=" ">
    <subfield code="a">spa</subfield>
  </datafield>
  <datafield tag="082" ind1=" " ind2="4">
    <subfield code="a">0</subfield>
    <subfield code="b">C355d</subfield>
    <subfield code="2">22</subfield>
  </datafield>
  <datafield tag="245" ind1="0" ind2="0">
    <subfield code="a">Desde el diamante : </subfield>
    <subfield code="b">historia de beisbol /</subfield>
    <subfield code="c">selecci&#xF3;n, presentaci&#xF3;n y pr&#xF3;logo, Tom&#xE1;s Castro Burdiez ; correcci&#xF3;n, Mar&#xED;a del Carmen Vicente, Apolinar Liz Rodr&#xED;guez y Modesto Cuesta ; diagramaci&#xF3;n y cubierta Joselito Rosario.</subfield>
  </datafield>
  <datafield tag="250" ind1=" " ind2=" ">
    <subfield code="a">Primera edici&#xF3;n </subfield>
  </datafield>
  <datafield tag="264" ind1=" " ind2="4">
    <subfield code="a">Santo Domingo, Rep&#xFA;blica Dominicana :</subfield>
    <subfield code="b">Editora Nacional,</subfield>
    <subfield code="c">&#xA9;2024.</subfield>
  </datafield>
  <datafield tag="300" ind1=" " ind2=" ">
    <subfield code="a">160 p&#xE1;ginas ;</subfield>
    <subfield code="c">23 cm. </subfield>
  </datafield>
  <datafield tag="336" ind1=" " ind2=" ">
    <subfield code="a">texto</subfield>
    <subfield code="b">txt</subfield>
    <subfield code="2">rdacontent </subfield>
  </datafield>
  <datafield tag="337" ind1=" " ind2=" ">
    <subfield code="a">sin mediaci&#xF3;n </subfield>
    <subfield code="b">n</subfield>
    <subfield code="2">rdamedia </subfield>
  </datafield>
  <datafield tag="338" ind1=" " ind2=" ">
    <subfield code="a">volumen </subfield>
    <subfield code="b">nc</subfield>
    <subfield code="2">rdacarrier </subfield>
  </datafield>
  <datafield tag="500" ind1=" " ind2=" ">
    <subfield code="a">Incluye datos biogr&#xE1;ficos del autor en la solapa de la cubierta.
</subfield>
  </datafield>
  <datafield tag="505" ind1=" " ind2=" ">
    <subfield code="a">Presentaci&#xF3;n --</subfield>
    <subfield code="t">Oc&#xFA;pate de que nos salga bien el tiro /</subfield>
    <subfield code="r">Alexis G&#xF3;mez Rosa --</subfield>
    <subfield code="t">Tigre y cachorro / </subfield>
    <subfield code="r">Aquiles Juli&#xE1;n --</subfield>
    <subfield code="t">Turno al bate /</subfield>
    <subfield code="r">Daniela Cruz Gil --</subfield>
    <subfield code="t">Los bravos del Norte /</subfield>
    <subfield code="r">Danilo Rodr&#xED;guez -- </subfield>
    <subfield code="t">Una simple pelota del beisbol / </subfield>
    <subfield code="r">Efra&#xED;m Castillo --</subfield>
    <subfield code="t">La maravillosa historia de Tres Tutumas / </subfield>
    <subfield code="r">Frank Disla-Ortiz --</subfield>
    <subfield code="t">El extra&#xF1;o juegos de los hombres azules / </subfield>
    <subfield code="r">Jos&#xE9; Bobadilla --</subfield>
    <subfield code="t">Historia de una derrota /</subfield>
    <subfield code="r">Nan Chevalier --</subfield>
    <subfield code="t">Te la comiste, Vejiga / </subfield>
    <subfield code="r">Rafael Peralta Romero --</subfield>
    <subfield code="t">Jugada final / </subfield>
    <subfield code="r">Ram&#xF3;n Gil --</subfield>
    <subfield code="t">Jugando pelota con Chepe / </subfield>
    <subfield code="r">Ram&#xF3;n Tejeda Read  --</subfield>
    <subfield code="t">El portentoso juego de Rafelo V&#xE1;zquez /</subfield>
    <subfield code="r">Reynaldo Disla --</subfield>
    <subfield code="t">Conceptos de sacrificios /</subfield>
    <subfield code="r">Sandra Tav&#xE1;rez --</subfield>
    <subfield code="t">El d&#xED;a que los hermanos Mart&#xED;nez se enfrentaron / </subfield>
    <subfield code="r">Tom&#xE1;s Castro Burdiez --</subfield>
    <subfield code="t">Datos biogr&#xE1;ficos de los autores --</subfield>
  </datafield>
  <datafield tag="590" ind1=" " ind2=" ">
    <subfield code="a">Inventariado, 2025 /LP</subfield>
  </datafield>
  <datafield tag="700" ind1="1" ind2=" ">
    <subfield code="a">Castro Burdiez, Tom&#xE1;s,</subfield>
    <subfield code="d">1959-</subfield>
    <subfield code="e">selecci&#xF3;n </subfield>
    <subfield code="4">sel.</subfield>
    <subfield code="9">85152</subfield>
  </datafield>
  <datafield tag="700" ind1="1" ind2=" ">
    <subfield code="a">Vicente, Mar&#xED;a del Carmen </subfield>
    <subfield code="e">corrector</subfield>
    <subfield code="4">corr.</subfield>
    <subfield code="9">57201</subfield>
  </datafield>
  <datafield tag="700" ind1="1" ind2=" ">
    <subfield code="a">Liz Rodr&#xED;guez, Apolinar,</subfield>
    <subfield code="e">corrector</subfield>
    <subfield code="4">corr.</subfield>
    <subfield code="9">84877</subfield>
  </datafield>
  <datafield tag="700" ind1="1" ind2=" ">
    <subfield code="a">Cuesta, Modesto,</subfield>
    <subfield code="e">corrector</subfield>
    <subfield code="4">corr.</subfield>
    <subfield code="9">3209</subfield>
  </datafield>
  <datafield tag="910" ind1=" " ind2=" ">
    <subfield code="a">LP</subfield>
  </datafield>
  <datafield tag="942" ind1=" " ind2=" ">
    <subfield code="2">ddc</subfield>
    <subfield code="c">LBS1</subfield>
  </datafield>
  <datafield tag="952" ind1=" " ind2=" ">
    <subfield code="0">0</subfield>
    <subfield code="1">0</subfield>
    <subfield code="2">ddc</subfield>
    <subfield code="5">1</subfield>
    <subfield code="7">0</subfield>
    <subfield code="8">PD</subfield>
    <subfield code="a">BNPHU</subfield>
    <subfield code="b">BNPHU</subfield>
    <subfield code="c">CT</subfield>
    <subfield code="d">2024-11-15</subfield>
    <subfield code="e">Dep&#xF3;sito Legal</subfield>
    <subfield code="l">0</subfield>
    <subfield code="o">0 C355d</subfield>
    <subfield code="p">2025-1387</subfield>
    <subfield code="r">2025-03-04</subfield>
    <subfield code="w">2025-03-04</subfield>
    <subfield code="y">LBS1</subfield>
  </datafield>
  <datafield tag="952" ind1=" " ind2=" ">
    <subfield code="0">0</subfield>
    <subfield code="1">0</subfield>
    <subfield code="2">ddc</subfield>
    <subfield code="5">1</subfield>
    <subfield code="7">0</subfield>
    <subfield code="8">PD</subfield>
    <subfield code="a">BNPHU</subfield>
    <subfield code="b">BNPHU</subfield>
    <subfield code="c">CT</subfield>
    <subfield code="d">2024-11-15</subfield>
    <subfield code="e">Dep&#xF3;sito Legal</subfield>
    <subfield code="l">0</subfield>
    <subfield code="o">0 C355d</subfield>
    <subfield code="p">2025-1388</subfield>
    <subfield code="r">2025-03-04</subfield>
    <subfield code="t">e.2</subfield>
    <subfield code="w">2025-03-04</subfield>
    <subfield code="y">LBS1</subfield>
  </datafield>
  <datafield tag="952" ind1=" " ind2=" ">
    <subfield code="0">0</subfield>
    <subfield code="1">0</subfield>
    <subfield code="2">ddc</subfield>
    <subfield code="5">6</subfield>
    <subfield code="7">0</subfield>
    <subfield code="8">DS</subfield>
    <subfield code="a">BNPHU</subfield>
    <subfield code="b">BNPHU</subfield>
    <subfield code="c">CT</subfield>
    <subfield code="d">2024-11-15</subfield>
    <subfield code="e">Dep&#xF3;sito Legal</subfield>
    <subfield code="l">0</subfield>
    <subfield code="o">0 C355d</subfield>
    <subfield code="p">2025-1389</subfield>
    <subfield code="r">2025-03-04</subfield>
    <subfield code="t">e.3</subfield>
    <subfield code="w">2025-03-04</subfield>
    <subfield code="y">LBS1</subfield>
  </datafield>
  <datafield tag="999" ind1=" " ind2=" ">
    <subfield code="c">58285</subfield>
    <subfield code="d">58285</subfield>
  </datafield>
</record>
